000 00367nam a22001457a 4500
003 SGT
082 _a612.015
_bB13G
100 _aGUPTA. PREM PRAKASH
245 _aTB. OF BIOCHEMISTRY WITH BIOMEDICAL SIGNIFICANCE FOR MEDICAL AND DENTAL STUDENTS
250 _a2ND
260 _aDELHI
_bCBS
_c2013
300 _a883
650 _aBIOCHEMISTRY
942 _2ddc
_cBK
_05
999 _c10229
_d10229